• 首页
  • 本馆介绍
  • 公告通知
  • 最新文献
  • 馆藏检索
  • 电子资源
  • 读者导购
  • 参考咨询
  • 我的图书馆
  • 登录
  • 详细信息显示
  • 放入我的书架
  • 预约/预借图书
  • 作者相关作品
  • 分类相关作品
  • 丛书相关作品
  • 出版社相关作品

书目信息

  • 表格格式
  • 工作单格式
  • 卡片格式
题名:
五角大楼的沉浮
    
 
作者: 科布 著 ;冯立冬 , 陈如为 译
分册:  
出版信息: 北京   新华出版社  1982
页数: 210页
开本: 19cm
丛书名:
单 册:
中图分类: E712.52
科图分类:
主题词: 国防--政策--美国--1970~1980 , 军事
电子资源:
ISBN:
000 00882nam0 2200277 45
001 0182008116
005 20060820153108.40
010    @dCNY0.56
091    @a5203.008
100    @a19950303d1982 em y0chiy0121 ea
101 1  @achi@ceng
102    @aCN@b110000
105    @ay z 000yy
200 10 @a五角大楼的沉浮@Awu jiao da lou de chen fu@e美国七十年代的国防政策@f(美)劳伦斯·科布著@F(mei)lao lun si·ke bu zhu@g陈如为, 冯立冬译
210    @a北京@c新华出版社@d1982
215    @a210页@d19cm
517 1  @a美国七十年代的国防政策@Amei guo qi shi nian dai de guo fang zheng ce
606    @a国防@x政策@y美国@z1970~1980
606 0  @a军事
690    @aE712.52
701  0 @a科布@Ake bu@4著
702  0 @a冯立冬@Afeng li dong@4译
702  0 @a陈如为@Achen ru wei@4译
801  0 @aCN@b上海图书馆@c20060820
801  2 @aCN@bNLC@c20060630
905    @f4@b87402-405@dE712.52@e6
    
    五角大楼的沉浮:美国七十年代的国防政策/(美)劳伦斯·科布著/陈如为, 冯立冬译.-北京:新华出版社,1982
    210页;19cm
    
    
    ISBN :CNY0.56
    
●
相关链接 在E读中查询图书 在五车中查询图书 在当当中查询图书 在豆瓣中查询图书


正题名:五角大楼的沉浮     索取号:E712.52/6         预约/预借

序号 登录号 条形码 馆藏地/架位号 状态 备注
1 0087402   001262127   第一借阅区/ [索取号:E712.52/6] 在馆    
2 0087403   001262145   第一借阅区/ [索取号:E712.52/6] 在馆    
3 0087404   001262118   第一借阅区/ [索取号:E712.52/6] 在馆    
4 0087405   000947186   第一借阅区/ [索取号:E712.52/6] 在馆    
5 0087406   001262154   第一样本阅览室/ [索取号:E712.52/6] 在馆    
6 0421465   204214652   密集书库/ [索取号:E712.52/6] 在馆    
7 0470854   204708548   密集书库/ [索取号:E712.52/6] 在馆    
唐山师范学院图书馆 欢迎您!
大连网信软件有限公司© 版权所有